Huấn luyện thể lực cho vận động viên bóng chuyền

Na minha lista:
Detalhes bibliográficos
Autor principal: Nguyễn Hữu Hùng
Formato: Livro
Publicado em: H. Thể dục thể thao 1980
Assuntos:
Tags: Adicionar Tag
Sem tags, seja o primeiro a adicionar uma tag!
Thư viện lưu trữ: Trung tâm Học liệu Lê Vũ Hùng, Trường Đại học Đồng Tháp
LEADER 00767pam a22002178a 4500
001 00017507
008 110420s1980 ||||||Viesd
005 20171026081022.0
041 0 # |a Vie 
082 1 4 |a 796.325 07  |b H502L 
100 0 # |a Nguyễn Hữu Hùng 
245 0 0 |a Huấn luyện thể lực cho vận động viên bóng chuyền  |c Nguyễn Hữu Hùng 
260 # # |a H.  |b Thể dục thể thao  |c 1980 
300 # # |a 95 tr.  |b Hình vẽ  |c 19 cm. 
650 # 4 |a Rèn luyện thể lực 
653 # # |a Bóng chuyền 
653 # # |a Vận động viên 
852 # # |b Kho đọc  |j KD.0002665 
852 # # |j KD.0002665 
910 |d 20/04/2011 
980 # # |a Trung tâm Học liệu Lê Vũ Hùng, Trường Đại học Đồng Tháp